comparison of using fertilizer on ir66 rice variety in the dry season in kandal province (ការប្រៀបធៀបការប្រើប្រាស់ជីទៅលើបូជស្រូវអ៊ីអ៊ែរ៦៦ ក្នុងលក្ខខណ្ឌរដូវប្រាំងនៅក្នុងខេត្តកណ្តាល) (Record no. 873)
[ view plain ]
| 000 -LEADER | |
|---|---|
| fixed length control field | 00716nam a22001577a 4500 |
| 003 - CONTROL NUMBER IDENTIFIER | |
| control field | OSt |
| 005 - DATE AND TIME OF LATEST TRANSACTION | |
| control field | 20150920092601.0 |
| 008 - FIXED-LENGTH DATA ELEMENTS--GENERAL INFORMATION | |
| fixed length control field | 150920b xxu||||| |||| 00| 0 eng d |
| 040 ## - CATALOGING SOURCE | |
| Transcribing agency | RUA |
| 082 ## - DEWEY DECIMAL CLASSIFICATION NUMBER | |
| Classification number | AGR CHH 2008 B037 Or.1 |
| 100 ## - MAIN ENTRY--PERSONAL NAME | |
| 9 (RLIN) | 905 |
| Personal name | CHHOUN, MONORUM. |
| 245 ## - TITLE STATEMENT | |
| Title | comparison of using fertilizer on ir66 rice variety in the dry season in kandal province (ការប្រៀបធៀបការប្រើប្រាស់ជីទៅលើបូជស្រូវអ៊ីអ៊ែរ៦៦ ក្នុងលក្ខខណ្ឌរដូវប្រាំងនៅក្នុងខេត្តកណ្តាល) |
| 260 ## - PUBLICATION, DISTRIBUTION, ETC. (IMPRINT) | |
| Place of publication, distribution, etc. | Phnom Penh |
| Name of publisher, distributor, etc. | RUA |
| Date of publication, distribution, etc. | 2008 |
| 300 ## - PHYSICAL DESCRIPTION | |
| Extent | 49p. |
| Other physical details | ill. |
| Dimensions | 29cm. |
| 942 ## - ADDED ENTRY ELEMENTS (KOHA) | |
| Source of classification or shelving scheme | |
| Koha item type | AGR |
| Price effective from | Date last seen | Permanent Location | Not for loan | Date acquired | Source of classification or shelving scheme | Koha item type | Lost status | Withdrawn status | Total Renewals | Date last checked out | Total Checkouts | Shelving location | Damaged status | Barcode | Current Location | Full call number |
|---|---|---|---|---|---|---|---|---|---|---|---|---|---|---|---|---|
| 2015-09-20 | 2023-12-22 | Library Block B | 2015-09-20 | AGR | 2023-12-08 | 1 | B037 | RUA002726 | Library Block B | AGR CHH 2008 B037 Or.1 | ||||||
| 2015-09-20 | 2015-09-20 | Library Block B | 2015-09-20 | AGR | B037 | RUA002202 | Library Block B | AGR CHH 2008 B037 Or.2 | ||||||||
| 2015-09-20 | 2016-10-22 | Library Block B | 2015-09-20 | AGR | 2016-10-14 | 2 | B037 | RUA002339 | Library Block B | AGR CHH 2008 B037 Or.3 | ||||||
| 2015-09-20 | 2015-09-20 | Library Block B | 2015-09-20 | AGR | B037 | RUA002584 | Library Block B | AGR CHH 2008 B037 Or.4 | ||||||||
| 2015-09-20 | 2015-09-20 | Library Block B | 2015-09-20 | AGR | B037 | RUA002484 | Library Block B | AGR CHH 2008 B037 Or.5 | ||||||||
| 2015-09-20 | 2018-06-23 | Library Block B | 2015-09-20 | AGR | 1 | 2018-05-07 | 3 | B037 | RUA002131 | Library Block B | AGR CHH 2008 B037 Or.6 |